01323nam a2200289 a 450000100060000000300080000600500170001400800410003103500190007204000420009104100080013308200260014111100850016724501660025226000570041830000250047549000560050050400360055665000570059270000580064971000430070771000480075083000640079894200120086299900170087495201420089151328BD-RjUL20211209075637.0160830s1961 riu b 101 0 eng  a(BD-RjUL)51448 aDLCcKKUdOCLdSERdEQOdBD-RjULbeng aeng a515.353223bPAR 19612 aSymposium in Pure Mathematicsn(4th :d1960 :cUniversity of California)915462510aPartial differential equations :bProceedings of the Fourth Symposium in Pure Mathematics of the American Mathematical Society /cCharles B. Morrey, Jr., editor. aProvidence :bAmerican Mathematical Society,cc1961. avi, 169 p. ;c26 cm.1 aProceedings of symposia in pure mathematics ;vv. 4 aIncludes bibliographies & index 0aDifferential equations, PartialvCongresses.91535171 aMorrey, Charles Bradfield, editord1907-1984.91535182 aAmerican Mathematical Society.91513892 aUniversity of California, Berkeley.9153519 0aProceedings of symposia in pure mathematics ;vv. 49154626 2ddccBK c51328d51328 00102ddc40708NFICaRUCLbRUCLcE-Booksd1963-01-29eZeitlingerg183.00l0o515.353 PAR 1961r2016-08-30 00:00:00tC-2w2016-08-30yBK